00848 2200277 4500001002100000005001700021008004100038020001800079035002400097082001200121090001900133100002200152245013400174250001100308260003100319300003100350500003100381650003500412700002100447700002700468700002400495850001500519980001500534985000600549999001500555YOGYA-0209000006296020090227040115.0 ind  a979-3235-75-6 0010-020900000062960 a649.122 a649.122bDan E aDanuatmaja, Bonny a40 hari pasca-persalinancBonny Danuatmaja, Mila meiliasari ; penyunting, Benedicta S. Florensia ; ilustrator, Ahmad Ridwan Fitri aCet. 1 aJakartabPuspa Swarac2003 aviii, 192 hlmbilusc23 cm aBibliografi : hlm. 178-179 aBayi - Perawatan dan kesehatan aMeiliasari, Mila aFlorensia, Benedicta S aFitri, Ahmad Ridwan aYOPDYOG(B) a24-07-2006 a1 a03P0004297